Applied mathematical methods for chemical engineers 3rd / (Record no. 565763)
[ view plain ]
| 000 -LEADER | |
|---|---|
| fixed length control field | 00407nam a2200133Ia 4500 |
| 008 - FIXED-LENGTH DATA ELEMENTS--GENERAL INFORMATION | |
| fixed length control field | 210430s9999 xx 000 0 und d |
| 020 ## - INTERNATIONAL STANDARD BOOK NUMBER | |
| International Standard Book Number | 9781466552999 (hardcover : aci |
| 082 ## - DEWEY DECIMAL CLASSIFICATION NUMBER | |
| Classification number | 660.0151 L8471A |
| 100 ## - MAIN ENTRY--PERSONAL NAME | |
| Personal name | Loney, Norman W. |
| 9 (RLIN) | 10934 |
| 245 ## - TITLE STATEMENT | |
| Title | Applied mathematical methods for chemical engineers 3rd / |
| Statement of responsibility, etc. | Loney, Norman W. |
| 250 ## - EDITION STATEMENT | |
| Edition statement | 3rd Edition |
| 300 ## - PHYSICAL DESCRIPTION | |
| Extent | xix, 545 pages ; |
| 942 ## - ADDED ENTRY ELEMENTS (KOHA) | |
| Koha item type | Reference |
| Source of classification or shelving scheme | |
| Withdrawn status | Lost status | Damaged status | Not for loan | Permanent Location | Current Location | Shelving location | Date acquired | Total Checkouts | Full call number | Barcode | Date last seen | Price effective from | Koha item type |
|---|---|---|---|---|---|---|---|---|---|---|---|---|---|
| School of Chemical & Materials Engineering (SCME) | School of Chemical & Materials Engineering (SCME) | Reference | 12/16/8 | 660.0151 L8471A | SCME-4712 | 04/30/2021 | 04/30/2021 | Reference |
